[Event "Wuerttemberg-ch MT"]
[Site "Stuttgart"]
[Date "2015.09.02"]
[Round "5"]
[White "Behrendt, Clemens"]
[Black "Kunz, Walter"]
[Result "1/2-1/2"]
[WhiteElo "2120"]
[BlackElo "2167"]
[PlyCount "93"]
[EventDate "2015.08.29"]
[EventType "swiss"]
[EventRounds "9"]
[EventCountry "GER"]
[SourceTitle "EXT 2017"]
[Source "ChessBase"]
[SourceDate "2016.10.25"]
[SourceVersion "1"]
[SourceVersionDate "2016.10.25"]
[SourceQuality "1"]

1. Nf3 d5 2. g3 Nf6 3. Bg2 e6 4. 0-0 Be7 5. c4 0-0 6. b3 c5 7. Na3 Nc6 8. cxd5 exd5 9. d4 a6 10. Bb2 Bf5 11. Nc2 Rc8 12. dxc5 Bxc5 13. Ncd4 Bg6 14. Rc1 Ba7 15. Nxc6 bxc6 16. Ne5 Qb6 17. Nxg6 hxg6 18. e3 Rfe8 19. Bd4 Qb7 20. Qd3 Ne4 21. Bxa7 Qxa7 22. Rfd1 a5 23. Qd4 Qb7 24. Qa4 Qb6 25. Qd4 Qb7 26. Rc2 Qa6 27. Rdc1 Qb5 28. Bf1 Qb7 29. Qa4 Re6 30. Bg2 f5 31. Qxa5 g5 32. Qe1 Kf7 33. f3 Nf6 34. Qf2 g6 35. h3 Kg7 36. Rc3 Rce8 37. Qd2 Qc7 38. f4 gxf4 39. exf4 Qb6+ 40. Qf2 Qxf2+ 41. Kxf2 Re2+ 42. Kg1 Rxa2 43. Bf3 Ne4 44. Rxc6 Nxg3 45. Rc7+ Kh6 46. R1c2 Ne2+ 47. Bxe2 1/2-1/2

[Event "Wuerttemberg-ch MT"]
[Site "Gruenbach"]
[Date "2014.09.05"]
[Round "7"]
[White "Namyslo, Holger"]
[Black "Behrendt, Clemens"]
[Result "1/2-1/2"]
[WhiteElo "2211"]
[BlackElo "2087"]
[PlyCount "70"]
[EventDate "2014.08.30"]
[EventType "swiss"]
[EventRounds "9"]
[EventCountry "GER"]
[SourceTitle "EXT 2017"]
[Source "ChessBase"]
[SourceDate "2016.10.25"]
[SourceVersion "1"]
[SourceVersionDate "2016.10.25"]
[SourceQuality "1"]

1. e4 c5 2. Nf3 d6 3. d4 cxd4 4. Nxd4 Nf6 5. Nc3 a6 6. Bg5 Nbd7 7. f4 Qc7 8. Qf3 h6 9. Bxf6 Nxf6 10. h3 Bd7 11. 0-0-0 Rb8 12. Bd3 g5 13. fxg5 hxg5 14. Nd5 Nxd5 15. exd5 Bg7 16. Nb3 Rh4 17. g4 Rh6 18. Rhf1 Bf6 19. Nd2 Qa5 20. Bc4 Rc8 21. Bb3 Bb5 22. Rf2 Kd8 23. Qe3 Ba4 24. Kb1 Bxb3 25. Nxb3 Qb4 26. c3 Qa4 27. Re1 Rc7 28. Qa7 Qb5 29. Qe3 a5 30. Rf5 a4 31. Nd4 Qc4 32. Nc2 Qc5 33. Qd3 Qc4 34. Qe3 Qc5 35. Qf3 Qb6 1/2-1/2

[Event "Staufer op 25th"]
[Site "Schwaebisch Gmuend"]
[Date "2013.01.03"]
[Round "3"]
[White "Behrendt, Clemens"]
[Black "Jurek, Josef"]
[Result "0-1"]
[WhiteElo "2079"]
[BlackElo "2325"]
[PlyCount "77"]
[EventDate "2013.01.02"]
[EventType "swiss"]
[EventRounds "9"]
[EventCountry "GER"]
[SourceTitle "CBM 152 Extra"]
[Source "ChessBase"]
[SourceDate "2013.02.25"]
[SourceVersion "1"]
[SourceVersionDate "2013.02.25"]
[SourceQuality "1"]

1. Nf3 Nf6 2. g3 b6 3. Bg2 Bb7 4. d4 c5 5. c3 e6 6. 0-0 Be7 7. a4 0-0 8. a5 b5 9. dxc5 Bxc5 10. Qb3 a6 11. c4 b4 12. Be3 Qc7 13. Nbd2 d6 14. Bg5 Nbd7 15. Qd3 h6 16. Bxf6 Nxf6 17. e4 Rfd8 18. Qe2 Rac8 19. Ne1 Nd7 20. Nd3 Ne5 21. Nb3 Nxd3 22. Qxd3 Bc6 23. Nd4 Bb7 24. Rfc1 Qe7 25. Rc2 Bxd4 26. Qxd4 Rc5 27. Qd2 b3 28. Rc3 Qc7 29. Rxb3 Rxc4 30. Rb4 Rc5 31. Rb6 d5 32. Rd1 d4 33. Qb4 Rc1 34. Rxb7 Rxd1+ 35. Bf1 Qc1 36. Qb6 Rxf1+ 37. Kg2 Rg1+ 38. Kh3 Rf8 39. Qxa6 0-1

[Event "Oberliga Wuerttemberg 1011"]
[Site "Wuerttemberg"]
[Date "2011.02.13"]
[Round "6"]
[White "Weigand, Bernhard"]
[Black "Behrendt, Clemens"]
[Result "1/2-1/2"]
[WhiteElo "2308"]
[BlackElo "2100"]
[PlyCount "110"]
[EventDate "2010.09.26"]
[EventType "team-tourn"]
[EventRounds "9"]
[EventCountry "GER"]
[SourceTitle "EXT 2019"]
[Source "ChessBase"]
[SourceDate "2018.10.10"]
[SourceVersion "1"]
[SourceVersionDate "2018.10.10"]
[SourceQuality "1"]
[WhiteTeam "Deizisau"]
[BlackTeam "Boeblingen II"]
[WhiteTeamCountry "GER"]
[BlackTeamCountry "GER"]

1. e4 d5 2. exd5 Qxd5 3. Nc3 Qd6 4. d4 Nf6 5. Bc4 Nbd7 6. Bb3 a6 7. Nge2 b5 8. Bf4 Qb6 9. a4 bxa4 10. Nxa4 Qb7 11. 0-0 e6 12. Qd3 Bd6 13. Bxd6 cxd6 14. Nf4 0-0 15. Rfe1 Rb8 16. Nc3 d5 17. Qg3 Qa7 18. Rad1 Rb4 19. Qe3 Nb6 20. Na2 Rb5 21. Qe2 Qc7 22. Nd3 Nc4 23. Nc3 Rb8 24. Na4 Na5 25. Nac5 Nxb3 26. cxb3 a5 27. Qd2 Ne4 28. Nxe4 dxe4 29. Rxe4 Rxb3 30. Re5 Rd8 31. Rc5 Qb6 32. h3 Ba6 33. Ne5 Rxb2 34. Qf4 f6 35. Nc6 Qxc5 36. dxc5 Rxd1+ 37. Kh2 Rdd2 38. Qc7 Rxf2 39. Ne7+ Kf8 40. Qd8+ Kf7 41. Qg8+ Kxe7 42. Qxg7+ Ke8 43. Qg8+ Kd7 44. Qf7+ Kc6 45. Qxe6+ Kxc5 46. Qxa6 Rxg2+ 47. Kh1 Rh2+ 48. Kg1 Rbg2+ 49. Kf1 Ra2 50. Qa7+ Kd5 51. Qd7+ Kc4 52. Qc7+ Kd4 53. Qd6+ Ke4 54. Qe6+ Kd3 55. Qd6+ Ke4 1/2-1/2